[Event "AUTO-OPEN-4606"]
[Site "http://www.queenalice.com/game.php?id=1866942"]
[Date "2025.12.12"]
[Round "2"]
[White "IranSilva"]
[Black "cerenzo72"]
[Result "0-1"]
[WhiteElo "2204"]
[BlackElo "2189"]

1. Nf3 Nf6 2. g3 c5 3. Bg2 Nc6 4. O-O g6 5. c3 Bg7 6. d3 O-O 7. e4 Qc7 8. Be3 b6
9. Nbd2 d5 10. exd5 Nxd5 11. Nc4 Nxe3 12. fxe3 Bb7 13. d4 e6 14. Qc2 Nb4 15. Qd2
cxd4 16. cxb4 Qxc4 17. exd4 Bxf3 18. Bxf3 Bxd4+ 19. Kg2 Rad8 20. Rfc1 Qb5 21. a4
Qe5 22. Rab1 Be3 23. Qe1 Rd2+ 24. Kh1 Rfd8 25. Rd1 Rxd1 26. Rxd1 Rxd1 27. Qxd1
Qxb2 28. b5 Qd4 29. Qc2 Qb4 30. Qe2 Qa3 31. Kg2 Bc5 32. Qe4 Qb2+ 33. Kh3 Bg1 34.
Be2 Qf6 35. Qa8+ Kg7 36. Bf3 Qf5+ 37. Kg2 Qc5 38. Kh3 Qf2 39. Bg2 Qf5+ 40. g4
Qf4 0-1

[Event "AUTO-OPEN-4606"]
[Site "http://www.queenalice.com/game.php?id=1866943"]
[Date "2025.12.12"]
[Round "2"]
[White "cerenzo72"]
[Black "IranSilva"]
[Result "0-1"]
[WhiteElo "2201"]
[BlackElo "2192"]

1. c4 b6 2. Nc3 Bb7 3. d4 Nf6 4. Nf3 e6 5. Bg5 Be7 6. e3 d5 7. cxd5 exd5 8. Bd3
Nbd7 9. O-O h6 10. e4 dxe4 11. Bxf6 Nxf6 12. Qa4+ Kf8 13. Bxe4 Nxe4 14. Nxe4
Bxe4 15. Ne5 Qd5 16. f3 Bh7 17. Rfe1 f6 18. Nc6 Bd6 19. b4 Bd3 20. Rac1 Bb5 21.
Qc2 Bxc6 22. Qxc6 Qxc6 23. Rxc6 Bxb4 24. Rd1 Bd6 25. Rc2 Kf7 26. Rcd2 Rhe8 27.
g3 Re3 28. Kf2 Rae8 29. f4 c5 30. dxc5 Bxc5 31. Kg2 Re2+ 32. Rxe2 Rxe2+ 33. Kf3
Rf2+ 34. Kg4 a5 35. f5 Rxh2 36. Rd7+ Kg8 0-1

[Event "AUTO-OPEN-4630"]
[Site "http://www.queenalice.com/game.php?id=1866950"]
[Date "2025.12.13"]
[Round "1"]
[White "cerenzo72"]
[Black "Rafale2000"]
[Result "1-0"]
[WhiteElo "2202"]
[BlackElo "2007"]

1. c4 Nf6 2. d4 c5 3. d5 b5 4. b3 g6 5. Nf3 bxc4 6. bxc4 d6 7. Nc3 Bg7 8. Bd2
O-O 9. e4 Bg4 10. Rb1 Nbd7 11. Be2 Rb8 12. O-O Rxb1 13. Qxb1 Qb6 14. Qc2 Rb8 15.
Rb1 Qd8 16. h3 Bxf3 17. Bxf3 Rxb1+ 18. Qxb1 Qb6 19. Qc2 Ne5 20. Be2 Qa6 21. Nb5
Qb7 22. f4 Ned7 23. Bd3 Ne8 24. f5 Ne5 25. Be2 Nf6 26. fxg6 hxg6 27. a4 Kh7 28.
Bf4 Nfd7 29. h4 a6 30. Nc3 f6 31. h5 g5 32. Bd2 Bh6 33. Nd1 Qb8 34. Ne3 Qe8 35.
Nf5 Nb6 36. Qb3 Qxa4 37. Qxb6 Nxc4 38. Bxc4 Qxc4 39. Qb1 Qb5 40. Qxb5 axb5 41.
Nxe7 g4 42. Bxh6 Kxh6 43. Nf5+ Kxh5 44. Nxd6 b4 45. Kf2 Kg5 46. g3 f5 47. exf5
Kf6 48. Nc4 Kxf5 49. Ke3 b3 50. Kd3 1-0

[Event "AUTO-OPEN-4630"]
[Site "http://www.queenalice.com/game.php?id=1866951"]
[Date "2025.12.13"]
[Round "1"]
[White "Rafale2000"]
[Black "cerenzo72"]
[Result "1-0"]
[WhiteElo "2015"]
[BlackElo "2180"]

1. e4 e5 2. Nf3 d6 3. d4 exd4 4. Nxd4 Nf6 5. Nc3 Be7 6. Be2 O-O 7. O-O c5 8.
Ndb5 Qb6 9. Bg5 a6 10. Bxf6 Bxf6 11. Nxd6 Qxb2 12. Nxc8 Qxc3 13. Nb6 Ra7 14. Rb1
Nc6 15. Nd7 Rd8 16. Nxf6+ Qxf6 17. Qc1 Qe6 18. Bf3 Qxa2 19. Rd1 Nd4 20. Qe3 b5
21. c3 Nxf3+ 22. gxf3 Rc8 23. Qxc5 Rac7 24. Qxc7 Qe6 25. Rd8+ Rxd8 26. Qxd8+ 1-0

[Event "AUTO-OPEN-4630"]
[Site "http://www.queenalice.com/game.php?id=1866952"]
[Date "2025.12.13"]
[Round "1"]
[White "cerenzo72"]
[Black "MarcosT"]
[Result "1/2-1/2"]
[WhiteElo "2173"]
[BlackElo "2046"]

1. c4 e5 2. Nc3 Nf6 3. e4 Bc5 4. Nf3 Nc6 5. Be2 O-O 6. O-O Re8 7. d3 Nd4 8. Bg5
Nxe2+ 9. Qxe2 Bf8 10. Nd5 Be7 11. Nxe7+ Qxe7 12. a3 Qe6 13. h3 d6 14. Rad1 c6
15. b4 d5 16. cxd5 cxd5 17. Bxf6 Qxf6 18. exd5 Bf5 19. Rfe1 e4 20. dxe4 Rxe4 21.
Qb5 Qb6 22. Qa4 Rxe1+ 23. Rxe1 Kf8 24. Ne5 Rd8 25. Qb3 Qd6 26. Qf3 Bg6 27. Nxg6+
hxg6 28. Rd1 b5 1/2-1/2

[Event "AUTO-OPEN-4630"]
[Site "http://www.queenalice.com/game.php?id=1866953"]
[Date "2025.12.13"]
[Round "1"]
[White "MarcosT"]
[Black "cerenzo72"]
[Result "0-1"]
[WhiteElo "2059"]
[BlackElo "2193"]

1. d4 Nf6 2. e3 g6 3. Bd3 Bg7 4. Nd2 d6 5. f4 e6 6. Ngf3 Nc6 7. O-O b6 8. c3 Bb7
9. b3 O-O 10. Ng5 h6 11. Ngf3 Qe7 12. Qc2 Ng4 13. Ne4 d5 14. Ng3 f5 15. Nh4 Qxh4
0-1

[Event "AUTO-ELITE-2603"]
[Site "http://www.queenalice.com/game.php?id=1867098"]
[Date "2025.12.17"]
[Round "1"]
[White "raulzampronha"]
[Black "cerenzo72"]
[Result "1/2-1/2"]
[WhiteElo "2272"]
[BlackElo "2220"]

1. d4 Nf6 2. c4 d6 3. Nc3 e5 4. Nf3 Nbd7 5. Bg5 Be7 6. e3 O-O 7. Be2 b6 8. O-O
Bb7 9. Qc2 e4 10. Nd2 Rc8 11. Bxf6 Nxf6 12. Ncxe4 Qd7 13. Bf3 c6 14. Rac1 d5 15.
Ng3 c5 16. dxc5 bxc5 17. cxd5 Nxd5 18. Rfd1 Qc7 19. a3 a5 20. Nf5 g6 21. Nxe7+
Nxe7 22. Bxb7 Qxb7 23. Ne4 Qb6 24. Qc3 Rc6 25. Nxc5 Rfc8 26. b4 axb4 27. axb4
Nf5 28. g3 Ng7 29. Qd4 Ne6 30. Qh4 1/2-1/2

[Event "AUTO-ELITE-2603"]
[Site "http://www.queenalice.com/game.php?id=1867099"]
[Date "2025.12.17"]
[Round "1"]
[White "cerenzo72"]
[Black "raulzampronha"]
[Result "0-1"]
[WhiteElo "2222"]
[BlackElo "2270"]

1. c4 Nf6 2. d4 c5 3. d5 b5 4. cxb5 a6 5. Nc3 axb5 6. e4 b4 7. Nb5 d6 8. Qc2 g6
9. Nf3 Bg7 10. Bd3 O-O 11. O-O Ba6 12. a3 Bxb5 13. Bxb5 Qb6 14. Qd3 bxa3 15.
Rxa3 Rxa3 16. bxa3 Nbd7 17. a4 Qc7 18. Bd2 Ng4 19. a5 Nge5 20. Nxe5 Nxe5 21. Qe2
c4 22. Bc3 Qc5 23. Ba4 Ra8 24. Qb2 Bf6 25. Qd2 Ng4 26. Bb4 Qd4 27. Qxd4 Bxd4 28.
Bb5 Rb8 29. Rd1 Bxf2+ 30. Kh1 Rxb5 31. h3 Rxb4 0-1

[Event "AUTO-OPEN-4631"]
[Site "http://www.queenalice.com/game.php?id=1867156"]
[Date "2025.12.18"]
[Round "1"]
[White "IranSilva"]
[Black "cerenzo72"]
[Result "1-0"]
[WhiteElo "2240"]
[BlackElo "2206"]

1. Nf3 Nf6 2. g3 d5 3. d4 e6 4. Bg2 c5 5. c3 Nc6 6. Bg5 Be7 7. Nbd2 O-O 8. O-O
Qb6 9. Rb1 cxd4 10. Nxd4 Nxd4 11. cxd4 Qxd4 12. Qb3 h6 13. Nf3 Qc5 14. Be3 Qc7
15. Rbc1 Qd8 16. Ne5 Nd7 17. Nxd7 Qxd7 18. Rc2 b6 19. Rfc1 Bd6 20. Bd4 Bb7 21.
Qe3 Rac8 22. Qf3 e5 23. Be3 Rb8 24. Qh5 f5 25. a3 d4 26. Bd2 Ba6 27. Bxh6 gxh6
28. Qg6+ Kh8 29. Qxh6+ Kg8 30. Bd5+ Rf7 31. Qg6+ Kf8 32. Bxf7 Ke7 33. Bd5 Rf8
34. Qg7+ Kd8 35. Rc7 Qxg7 36. Rxg7 Bxe2 37. Bb7 Bc5 38. b4 1-0

[Event "AUTO-OPEN-4631"]
[Site "http://www.queenalice.com/game.php?id=1867157"]
[Date "2025.12.18"]
[Round "1"]
[White "cerenzo72"]
[Black "IranSilva"]
[Result "1-0"]
[WhiteElo "2194"]
[BlackElo "2237"]

1. c4 b6 2. Nc3 Bb7 3. e4 d6 4. d4 Nd7 5. Nf3 Ngf6 6. Bd3 c5 7. d5 e5 8. O-O g6
9. Bg5 Bg7 10. Nb5 Qb8 11. a3 a6 12. Nc3 h6 13. Bh4 g5 14. Bg3 O-O 15. b4 a5 16.
bxc5 bxc5 17. Rb1 Qc8 18. Nb5 Ne8 19. h3 Ba6 20. a4 Ndf6 21. h4 gxh4 22. Nxh4
Kh7 23. Nf5 Qd7 24. f4 Ng8 25. fxe5 Bxe5 26. Bxe5 dxe5 27. Qg4 Bc8 28. Nbd6 Ngf6
29. Qg3 Rg8 30. Qxe5 Ng4 31. Qf4 Nxd6 32. Nxd6 Rg7 33. e5+ 1-0

[Event "AUTO-OPEN-4631"]
[Site "http://www.queenalice.com/game.php?id=1867194"]
[Date "2025.12.18"]
[Round "1"]
[White "josebaron"]
[Black "cerenzo72"]
[Result "1/2-1/2"]
[WhiteElo "2185"]
[BlackElo "2158"]

1. e4 e5 2. Nf3 d6 3. Bc4 Be7 4. O-O Nf6 5. d3 Bg4 6. h3 Bh5 7. Nc3 Nc6 8. Nd5
Nd4 9. Nxf6+ Bxf6 10. g4 Bg6 11. Nxd4 exd4 12. Bf4 Qd7 13. Bg3 O-O-O 14. f4 h5
15. f5 Bh7 16. Kg2 hxg4 17. Qxg4 Kb8 18. a4 Rhg8 19. a5 a6 20. Rf4 Be5 21. Rf3
Rgf8 22. Bxe5 dxe5 23. Kh2 g6 24. fxg6 Bxg6 1/2-1/2

[Event "AUTO-OPEN-4631"]
[Site "http://www.queenalice.com/game.php?id=1867195"]
[Date "2025.12.18"]
[Round "1"]
[White "cerenzo72"]
[Black "josebaron"]
[Result "1-0"]
[WhiteElo "2159"]
[BlackElo "2186"]

1. c4 e5 2. Nc3 Nf6 3. g3 Bc5 4. e3 d5 5. cxd5 Nxd5 6. Bg2 Nxc3 7. bxc3 c6 8.
Nf3 Bd6 9. e4 Bg4 10. Qb3 b6 11. d4 Bxf3 12. Bxf3 exd4 13. cxd4 O-O 14. O-O Bc7
15. Bb2 h6 16. Rad1 Re8 17. Qc3 Qf6 18. e5 Qe6 19. Rc1 Bd8 20. Rfd1 Bg5 21. d5
Qf5 22. Rc2 Na6 23. d6 Rad8 24. Bxc6 Re6 25. Bd5 Ree8 26. e6 f6 27. e7+ 1-0

[Event "AUTO-MASTER-3291"]
[Site "http://www.queenalice.com/game.php?id=1867235"]
[Date "2025.12.18"]
[Round "1"]
[White "cerenzo72"]
[Black "JailtonMaster"]
[Result "1-0"]
[WhiteElo "2208"]
[BlackElo "2222"]

1. c4 Nf6 2. Nc3 e6 3. e4 c6 4. Nf3 d5 5. cxd5 cxd5 6. exd5 Nxd5 7. Bb5+ Bd7 8.
Qb3 Nxc3 9. bxc3 Bd6 10. d4 O-O 11. O-O Nc6 12. Bd3 Qc7 13. Qc2 h6 14. c4 Nb4
15. Qd2 Nxd3 16. Qxd3 b6 17. Bb2 Bc6 18. d5 Bb7 19. Qd4 f6 20. Qg4 exd5 21. Qe6+
Kh8 22. cxd5 Rae8 23. Qf5 Re2 24. Rac1 Qe7 25. Nh4 Bxh2+ 26. Kxh2 Qd6+ 27. g3
Rfe8 28. Bd4 Bxd5 29. Ng6+ Kg8 30. Nf4 1-0

[Event "AUTO-MASTER-3291"]
[Site "http://www.queenalice.com/game.php?id=1867236"]
[Date "2025.12.18"]
[Round "1"]
[White "JailtonMaster"]
[Black "cerenzo72"]
[Result "0-1"]
[WhiteElo "2231"]
[BlackElo "2175"]

1. d4 Nf6 2. c4 d6 3. Nf3 g6 4. Nc3 Bg7 5. e3 O-O 6. Bd3 Nc6 7. O-O Nb4 8. Bb1
b6 9. a3 Nc6 10. b4 Bg4 11. h3 Bd7 12. Bb2 e6 13. d5 exd5 14. cxd5 Ne7 15. e4 c6
16. dxc6 Bxc6 17. Qb3 Qd7 18. Rd1 Qc7 19. Nd4 Rac8 20. Bd3 Nd7 21. Nxc6 Nxc6 22.
Nb5 Qb8 23. Bxg7 Kxg7 24. Bc4 Rcd8 25. Rxd6 Nce5 26. Rad1 a6 27. Nd4 Nxc4 28.
Qxc4 Ne5 29. Rxd8 Rxd8 30. f4 Nxc4 0-1

[Event "AUTO-MASTER-3291"]
[Site "http://www.queenalice.com/game.php?id=1867237"]
[Date "2025.12.18"]
[Round "1"]
[White "cerenzo72"]
[Black "IranSilva"]
[Result "1-0"]
[WhiteElo "2181"]
[BlackElo "2219"]

1. c4 b6 2. Nc3 Bb7 3. e4 d6 4. d4 Nd7 5. Nf3 c5 6. d5 e5 7. Rb1 g6 8. b4 Bg7 9.
Nb5 Qb8 10. Ng5 Ngf6 11. Bd3 a6 12. Nc3 h6 13. Nf3 O-O 14. Qb3 cxb4 15. Qxb4 Qc7
16. Ba3 Nc5 17. Bc2 b5 18. cxb5 axb5 19. Nxb5 Qd7 20. Nxd6 Qxd6 21. Qxc5 Qxc5
22. Bxc5 Rxa2 23. Bb3 Ra5 24. Bxf8 Bxf8 25. Bc2 Ba6 26. Nxe5 Rc5 27. Kd2 Bc8 28.
Rhc1 Bd6 29. Nd3 Nxe4+ 30. Ke3 Nc3 31. Nxc5 Bxc5+ 32. Kf3 h5 33. Rb8 Kg7 34.
Rxc8 1-0

[Event "AUTO-MASTER-3291"]
[Site "http://www.queenalice.com/game.php?id=1867238"]
[Date "2025.12.18"]
[Round "1"]
[White "IranSilva"]
[Black "cerenzo72"]
[Result "1-0"]
[WhiteElo "2198"]
[BlackElo "2169"]

1. Nf3 Nf6 2. g3 g6 3. Bg2 Bg7 4. O-O O-O 5. c4 c6 6. Nc3 d5 7. cxd5 cxd5 8. d3
d4 9. Nb1 Nc6 10. Bd2 e5 11. Na3 Be6 12. b3 Qe7 13. Nc4 Nd5 14. Rc1 b5 15. Na5
Nxa5 16. Bxa5 Qb7 17. Bd2 a5 18. Ng5 Qb6 19. Nxe6 fxe6 20. Rc2 Rad8 21. Qc1 Rf7
22. Rc6 Qa7 23. Rxe6 Rc7 24. Rc6 b4 25. Bxd5+ 1-0

[Event "AUTO-OPEN-4526"]
[Site "http://www.queenalice.com/game.php?id=1867340"]
[Date "2025.12.23"]
[Round "2"]
[White "cerenzo72"]
[Black "gizmokaka"]
[Result "0-1"]
[WhiteElo "2195"]
[BlackElo "2822"]

1. c4 e5 2. e3 Nc6 3. Nc3 Nf6 4. Nf3 Bb4 5. Qc2 Bxc3 6. Qxc3 Qe7 7. Be2 O-O 8.
O-O d5 9. cxd5 Nxd5 10. Qb3 Rd8 11. e4 Nf4 12. Bc4 Bg4 13. Qxb7 Bxf3 14. Qxc6
Qg5 0-1

[Event "AUTO-OPEN-4526"]
[Site "http://www.queenalice.com/game.php?id=1867341"]
[Date "2025.12.23"]
[Round "2"]
[White "gizmokaka"]
[Black "cerenzo72"]
[Result "1-0"]
[WhiteElo "2820"]
[BlackElo "2207"]

1. c4 Nf6 2. d4 e6 3. a3 b6 4. Nc3 Bb7 5. Bf4 d6 6. d5 exd5 7. cxd5 Qd7 8. e4 c6
9. Nf3 cxd5 10. exd5 Be7 11. Bb5 Nc6 12. Nd4 1-0

[Event "AUTO-MASTER-3292"]
[Site "http://www.queenalice.com/game.php?id=1867564"]
[Date "2026.1.7"]
[Round "1"]
[White "IranSilva"]
[Black "cerenzo72"]
[Result "0-1"]
[WhiteElo "2279"]
[BlackElo "2158"]

1. Nf3 Nf6 2. g3 c5 3. Bg2 Nc6 4. c4 d5 5. cxd5 Nxd5 6. Nc3 e6 7. O-O Be7 8. d3
O-O 9. Bd2 Bf6 10. Rc1 b6 11. Ne4 Bxb2 12. Rb1 Bf6 13. Nxf6+ Qxf6 14. Bg5 Qc3
15. Rb3 Qa5 16. Qd2 Rb8 17. e4 Qxd2 18. Nxd2 Nde7 19. Nc4 f6 20. Be3 e5 21. a4
Be6 22. Rc1 Rbd8 23. Bf1 Nb4 24. a5 Bxc4 25. dxc4 Nec6 26. axb6 axb6 27. Ra3 Rd7
28. Bh3 Rd6 29. Raa1 Rfd8 30. Bg4 Nd4 31. Ra7 Nbc6 32. Rb7 Rb8 33. Rxb8+ Nxb8
34. Ra1 Nbc6 35. Ra8+ Kf7 36. Rc8 Na5 37. Rc7+ Kg6 38. h4 h5 39. Bf5+ Nxf5 40.
exf5+ Kxf5 41. Rxg7 Nxc4 42. g4+ hxg4 43. h5 Nxe3 44. fxe3 Rd8 45. Rb7 Rh8 46.
Rxb6 Rxh5 47. Rc6 Ke4 48. Rxf6 Kxe3 49. Rc6 e4 50. Rg6 Kf3 51. Rf6+ Ke3 52. Rg6
c4 53. Rxg4 c3 0-1

[Event "AUTO-MASTER-3292"]
[Site "http://www.queenalice.com/game.php?id=1867565"]
[Date "2026.1.7"]
[Round "1"]
[White "cerenzo72"]
[Black "IranSilva"]
[Result "0-1"]
[WhiteElo "2175"]
[BlackElo "2263"]

1. c4 b6 2. e4 Bb7 3. Nc3 e6 4. Nf3 Nc6 5. d4 Bb4 6. Bd2 Bxc3 7. Bxc3 d5 8. cxd5
exd5 9. e5 Qe7 10. Bd3 f6 11. O-O fxe5 12. dxe5 Nd8 13. Re1 Ne6 14. a3 Nh6 15.
a4 a5 16. Nd4 O-O 17. Qc2 Nxd4 18. Bxh7+ Kh8 19. Bxd4 c5 20. Be3 Ng4 21. h3 Nxe3
22. Rxe3 d4 23. Ree1 Qg5 24. Be4 Ra7 25. Bxb7 Rxb7 26. Qe4 Re7 27. Rad1 Rfe8 28.
f4 Qh6 29. Re2 Qh7 30. Qf3 Qf5 31. g4 Qd7 32. b3 b5 33. Qd3 bxa4 34. bxa4 Qxa4
35. Rc1 Rc7 36. e6 Qc6 37. f5 Qd5 38. Qb5 Ree7 39. Qxa5 Qf3 40. Rf2 Qg3+ 41. Kf1
Qxh3+ 42. Ke1 Qe3+ 0-1

[Event "AUTO-ELITE-2606"]
[Site "http://www.queenalice.com/game.php?id=1867852"]
[Date "2026.1.10"]
[Round "1"]
[White "raulzampronha"]
[Black "cerenzo72"]
[Result "1-0"]
[WhiteElo "2259"]
[BlackElo "2174"]

1. e4 e5 2. Nf3 d6 3. d4 exd4 4. Nxd4 Nf6 5. Nc3 Be7 6. Bf4 Bd7 7. Qd2 Nc6 8.
O-O-O Nxd4 9. Qxd4 c5 10. Qd2 Nh5 11. Bxd6 Bxd6 12. Qxd6 Qc7 13. Qxc7 1-0

[Event "AUTO-MASTER-3281"]
[Site "http://www.queenalice.com/game.php?id=1867860"]
[Date "2026.1.11"]
[Round "2"]
[White "CCapivara"]
[Black "cerenzo72"]
[Result "1-0"]
[WhiteElo "2305"]
[BlackElo "2166"]

1. e4 e5 2. Nf3 d6 3. Bc4 Be7 4. O-O Nf6 5. d3 Bg4 6. Be3 Nbd7 7. Nbd2 O-O 8. c3
c6 9. d4 exd4 10. cxd4 b5 11. Bb3 a5 12. Rc1 Rc8 13. Re1 a4 14. Bc2 Re8 15. Qe2
Bf8 16. Qd3 g6 17. Bg5 Qc7 18. Bb1 Be7 19. h3 Bxf3 20. Nxf3 d5 21. exd5 Nxd5 22.
Bxe7 Nxe7 23. Ne5 Nxe5 24. Rxe5 Qd6 25. Rce1 Qd7 26. Qe3 Kf8 27. Qh6+ Kg8 28.
Rh5 gxh5 29. Bxh7+ 1-0

[Event "AUTO-MASTER-3281"]
[Site "http://www.queenalice.com/game.php?id=1867861"]
[Date "2026.1.11"]
[Round "2"]
[White "cerenzo72"]
[Black "CCapivara"]
[Result "0-1"]
[WhiteElo "2197"]
[BlackElo "2316"]

1. c4 e5 2. Nc3 d6 3. e4 f5 4. f3 Nf6 5. d4 exd4 6. Qxd4 Nc6 7. Qe3 fxe4 8. Nxe4
Nxe4 9. Qxe4+ Be7 10. Bd3 Ne5 11. Ne2 g6 12. Be3 Bf5 13. Qd4 Nxd3+ 14. Kd2 Bf6
15. Qxd3 Bxd3 16. Kxd3 O-O 0-1